Database and Expert Systems Applications 15th International Conference, DEXA 2004, Zaragoza, Spain, August 30-September 3, 2004, Proceedings /

DEXA 2004, the 15th International Conference on Database and Expert Systems Applications, was held August 30 ? September 3, 2004, at the University of Zaragoza, Spain. The quickly growing spectrum of database applications has led to the establisment of more specialized discussion platforms (DaWaK Co...

Full description

Bibliographic Details
Corporate Author: SpringerLink (Online service)
Other Authors: Galindo, Fernando (Editor, http://id.loc.gov/vocabulary/relators/edt), Takizawa, Makoto (Editor, http://id.loc.gov/vocabulary/relators/edt), Traunmüller, Roland (Editor, http://id.loc.gov/vocabulary/relators/edt)
Format: Electronic eBook
Language:English
Published: Berlin, Heidelberg : Springer Berlin Heidelberg : Imprint: Springer, 2004.
Edition:1st ed. 2004.
Series:Lecture Notes in Computer Science, 3180
Subjects:
Online Access:Full Text via HEAL-Link
LEADER 05011nam a2200637 4500
001 978-3-540-30075-5
003 DE-He213
005 20191022132415.0
007 cr nn 008mamaa
008 121227s2004 gw | s |||| 0|eng d
020 |a 9783540300755  |9 978-3-540-30075-5 
024 7 |a 10.1007/b99664  |2 doi 
040 |d GrThAP 
050 4 |a QA76.9.D35 
050 4 |a Q350-390 
072 7 |a UMB  |2 bicssc 
072 7 |a COM031000  |2 bisacsh 
072 7 |a UMB  |2 thema 
072 7 |a GPF  |2 thema 
082 0 4 |a 005.73  |2 23 
245 1 0 |a Database and Expert Systems Applications  |h [electronic resource] :  |b 15th International Conference, DEXA 2004, Zaragoza, Spain, August 30-September 3, 2004, Proceedings /  |c edited by Fernando Galindo, Makoto Takizawa, Roland Traunmüller. 
250 |a 1st ed. 2004. 
264 1 |a Berlin, Heidelberg :  |b Springer Berlin Heidelberg :  |b Imprint: Springer,  |c 2004. 
300 |a XXII, 978 p.  |b online resource. 
336 |a text  |b txt  |2 rdacontent 
337 |a computer  |b c  |2 rdamedia 
338 |a online resource  |b cr  |2 rdacarrier 
347 |a text file  |b PDF  |2 rda 
490 1 |a Lecture Notes in Computer Science,  |x 0302-9743 ;  |v 3180 
505 0 |a Workflow I -- Active and Deductive DB Aspects -- Workflow II -- Queries I (Multidimensional Indexing) -- Applications -- Queries II (Multidimensional Indexing) -- Knowledge Processing und Information Retrieval -- Queries III (XML) -- Digital Libraries and Information Retrieval I -- Query IV (OLAP) -- Digital Libraries and Information Retrieval II -- Mobile Information Systems -- Knowledge Processing I -- Knowledge Processing II -- Knowledge Processing III -- XML I -- Distributed and Parallel Data Bases I -- Advanced Database Techniques I -- Distributed and Parallel Data Bases II -- Advanced DB Techniques II -- Bioinformatics -- XML II -- Temporal and Spatial Data Bases I -- Web I -- Temporal and Spatial Data Bases II -- Web II. 
520 |a DEXA 2004, the 15th International Conference on Database and Expert Systems Applications, was held August 30 ? September 3, 2004, at the University of Zaragoza, Spain. The quickly growing spectrum of database applications has led to the establisment of more specialized discussion platforms (DaWaK Conference, EC-Web Conference, EGOVConference, Trustbus Conference and DEXA Workshop: Every DEXA event has its own conference proceedings), which were held in parallel with the DEXA Conference also in Zaragoza. In your hands are the results of much effort. The work begins with the preparation of the submitted papers, which then go through the reviewing process. The accepted papers are revised to final versions by their authors and are then arranged within the conference program. All culminates in the conference itself. For this conference 304 papers were submitted, and I want to thank to all who contributed to it; they are the real base of the conference. The program committee and the supporting reviewers produced altogether 942 referee reports, in average 3,1 reports per paper, and selected 92 papers for presentation. At this point we would like to say many thanks to all the institutions that actively supported this conference and made it possible. These were: • University of Zaragoza • FAW • DEXA Association • Austrian Computer Society. 
650 0 |a Data structures (Computer science). 
650 0 |a Database management. 
650 0 |a Application software. 
650 0 |a Information storage and retrieval. 
650 0 |a User interfaces (Computer systems). 
650 0 |a Artificial intelligence. 
650 1 4 |a Data Structures and Information Theory.  |0 http://scigraph.springernature.com/things/product-market-codes/I15009 
650 2 4 |a Database Management.  |0 http://scigraph.springernature.com/things/product-market-codes/I18024 
650 2 4 |a Information Systems Applications (incl. Internet).  |0 http://scigraph.springernature.com/things/product-market-codes/I18040 
650 2 4 |a Information Storage and Retrieval.  |0 http://scigraph.springernature.com/things/product-market-codes/I18032 
650 2 4 |a User Interfaces and Human Computer Interaction.  |0 http://scigraph.springernature.com/things/product-market-codes/I18067 
650 2 4 |a Artificial Intelligence.  |0 http://scigraph.springernature.com/things/product-market-codes/I21000 
700 1 |a Galindo, Fernando.  |e editor.  |4 edt  |4 http://id.loc.gov/vocabulary/relators/edt 
700 1 |a Takizawa, Makoto.  |e editor.  |4 edt  |4 http://id.loc.gov/vocabulary/relators/edt 
700 1 |a Traunmüller, Roland.  |e editor.  |4 edt  |4 http://id.loc.gov/vocabulary/relators/edt 
710 2 |a SpringerLink (Online service) 
773 0 |t Springer eBooks 
776 0 8 |i Printed edition:  |z 9783662173886 
776 0 8 |i Printed edition:  |z 9783540229360 
830 0 |a Lecture Notes in Computer Science,  |x 0302-9743 ;  |v 3180 
856 4 0 |u https://doi.org/10.1007/b99664  |z Full Text via HEAL-Link 
912 |a ZDB-2-SCS 
912 |a ZDB-2-LNC 
912 |a ZDB-2-BAE 
950 |a Computer Science (Springer-11645)